|
|
|
|
| LEADER |
00773nam a2200313 4500 |
| 001 |
DLU210196377 |
| 005 |
##20210519 |
| 020 |
# |
# |
|a 9786045898772
|
| 040 |
# |
# |
|a DLU
|b vie
|
| 041 |
# |
# |
|a eng
|
| 044 |
# |
# |
|a vn
|
| 082 |
# |
# |
|a 428.007 6
|b KO-K
|
| 100 |
# |
# |
|a Kovacs, Karen.
|
| 245 |
# |
# |
|a Speaking for IELTS /
|c Karen Kovacs.
|
| 260 |
# |
# |
|a Tp. Hồ Chí Minh :
|b Tổng hợp,
|c 2020.
|
| 300 |
# |
# |
|a 144 tr. :
|b minh họa;
|c 25 cm.
|
| 490 |
# |
# |
|a Collins English for exams
|
| 650 |
# |
# |
|a Tiếng Anh
|x Sách bài tập.
|
| 923 |
# |
# |
|a 03/2020
|
| 991 |
# |
# |
|a SH
|
| 992 |
# |
# |
|a 178000
|
| 994 |
# |
# |
|a DLU
|
| 900 |
# |
# |
|a True
|
| 911 |
# |
# |
|a Nguyễn Thanh Hương
|
| 925 |
# |
# |
|a G
|
| 926 |
# |
# |
|a A
|
| 927 |
# |
# |
|a SH
|
| 980 |
# |
# |
|a Thư viện Trường Đại học Đà Lạt
|